00561nam a2200157 i 450000100060000000300090000600500170001500700030003200800410003510000290007624501500010526000670025530000220032271000280034485200310037260888ES-MaACL20240208163313.0t|031107q1947 sp ||||1| spa d1 aEstella Zalaya, Eduardo.10aLecciones dogmáticas adaptadas al programa oficial para el segundo curso de enseñanza religiosa universitaria / cpor Eduardo Estella Zalaya. aZaragoza : bUniversidad de Zaragoza, c1947? (fLa editorial) a358 p. ; c21 cm.2 aUniversidad de Zaragoza aES-MaACLjC-4805 bR.25339